Eqilibrium (Record no. 7791)

000 -LEADER
fixed length control field 00489nam a22001817a 4500
001 - CONTROL NUMBER
control field 7791
003 - CONTROL NUMBER IDENTIFIER
control field BD-DhUET
008 - FIXED-LENGTH DATA ELEMENTS--GENERAL INFORMATION
fixed length control field 141212b xxu||||| |||| 00| 0 eng d
040 ## - CATALOGING SOURCE
Transcribing agency 0
Modifying agency BD-DhUET
082 ## - DEWEY DECIMAL CLASSIFICATION NUMBER
Classification number 541.392
Item number BLA/1969
100 ## - MAIN ENTRY--PERSONAL NAME
Personal name Blackburn, Thomas R.
245 ## - TITLE STATEMENT
Title Eqilibrium
Remainder of title a chemistry of solutions
Statement of responsibility, etc. by Thomas R. Blackburn
250 ## - EDITION STATEMENT
Edition statement 1st ed.
260 ## - PUBLICATION, DISTRIBUTION, ETC. (IMPRINT)
Place of publication, distribution, etc. New York
Name of publisher, distributor, etc. Holt, Rinehart and Winston
Date of publication, distribution, etc. 1969
300 ## - PHYSICAL DESCRIPTION
Extent ix, 220p.
650 #0 - SUBJECT ADDED ENTRY--TOPICAL TERM
Topical term or geographic name as entry element Equibibrium : Chemistry
942 ## - ADDED ENTRY ELEMENTS (KOHA)
Koha item type General Book
Holdings
Location (home branch) Shelving location Piece designation (barcode) Damaged status Withdrawn status Lost status Date acquired Koha item type Koha full call number Not for loan Source of classification or shelving scheme Koha date last seen Copy number Price effective from Sublocation or collection (holding branch) Koha normalized classification for sorting
Central Library, BUETCirculation section42487   2014-12-12General Book541.392/BLA/1969  2014-12-1212014-12-12Central Library, BUET541_392000000000000_BLA_1969